Coffee - Chappell Roan (All Lyrics) - Statistics

General Stats
  • This quiz has been taken 26 times
  • The average score is 191 of 225
Answer Stats
Answer % Correct
a
100%
but
100%
But
100%
coffee
100%
dinner
100%
I
100%
I'll
100%
it
100%
Italian
100%
love
100%
me
100%
place
100%
so
100%
So
100%
some
100%
that
100%
That
100%
the
100%
we
100%
Where
100%
where
100%
you
100%
You
100%
your
100%
and
91%
And
91%
at
91%
be
91%
cause
91%
Cause
91%
do
91%
for
91%
if
91%
If
91%
it's
91%
It's
91%
know
91%
meet
91%
Meet
91%
met
91%
on
91%
that's
91%
were
91%
wine
91%
Can't
82%
dark
82%
drink
82%
family
82%
forbid
82%
gets
82%
God
82%
have
82%
I'd
82%
just
82%
leads
82%
let's
82%
lie
82%
may
82%
only
82%
park
82%
say
82%
sorry
82%
true
82%
You'll
82%
back
73%
bar
73%
didn't
73%
don't
73%
every
73%
exchanged
73%
fine
73%
not
73%
said
73%
Street
73%
this
73%
time
73%
to
73%
want
73%
words
73%
would
73%
you're
73%
all
64%
buy
64%
else
64%
even
64%
give
64%
is
64%
never
64%
Nowhere
64%
safe
64%
something
64%
suggest
64%
trust
64%
try
64%
You'd
64%
anymore
55%
before
55%
done
55%
jazz
55%
need
55%
nothing
55%
rather
55%
than
55%
We've
55%
Ann
45%
better
45%
come
45%
feel
45%
fuel
45%
Here
45%
leave
45%
Mary
45%
excuses
36%
illusions
36%
No matching quizzes found
Score Distribution
Percent of People with Each Score
Percentile by Number Answered
Your Score History
You have not taken this quiz